Catalog

Record Details

Catalog Search



Verwirrungen einer Kaiserin : 12 Reportagen  Cover Image Book Book

Verwirrungen einer Kaiserin : 12 Reportagen / [Autor] Egon Erwin Kisch ; Ausgewählt von Fritz Hofmann

Record details

  • Physical Description: 156, [2] s. ; 8°
  • Edition: 1. Auflage
  • Publisher: Berlin : Aufbau-Verlag, 1979

Available copies

  • 1 of 1 copy available at Common Catalog SPOK.

Holds

  • 0 current holds with 1 total copy.
Show Only Available Copies
Location Call Number / Copy Notes Barcode Shelving Location Status Due Date
The Jewish community of Prague K 1531 4638301993 K - Beletrie Available -

LDR 00661nam a22001931 4500
00153817
003CZ-PrJAB
00520020427000000.0
008020427s1979 gw ger
035 . ‡a(CZ PrNK)bknhak04192
040 . ‡aABA001 ‡bcze ‡cABA001 ‡dABA001
1001 . ‡aKisch, Egon Erwin, ‡d1885-1948 ‡7jk01060211 ‡4aut
24510. ‡aVerwirrungen einer Kaiserin : ‡b12 Reportagen / ‡c[Autor] Egon Erwin Kisch ; Ausgewählt von Fritz Hofmann
250 . ‡a1. Auflage
260 . ‡aBerlin : ‡bAufbau-Verlag, ‡c1979 ‡e(Dresden : ‡fGrafischer Grossbetrieb Völkerfreundschaft)
300 . ‡a156, [2] s. ; ‡c
4901 . ‡aBibliothek ; ‡vBd. 427
830 0. ‡aBibliothek
910 . ‡aABE461
995 . ‡aska
901 . ‡a53817 ‡bAUTOGEN ‡c53817 ‡tbiblio

Additional Resources